| 000 | 01118nam a2200253 a 4500 | ||
|---|---|---|---|
| 001 | 000016895 | ||
| 003 | DO-SdBNP | ||
| 005 | 20211203120302.0 | ||
| 008 | 100312s1970 dr a 000 0 spa d | ||
| 040 |
_aDO-SdBNP _bspa _cBNPHU |
||
| 082 | 4 |
_a394.5097293 _bN714t _222 |
|
| 100 | 1 |
_aNina Pichardo, Eduardo Fausto _937378 |
|
| 245 | 1 | 0 |
_aTradiciones macorisanas : _bcomo fueron celebradas las fiestas patronales en el año mil novecientos diez, en San Pedro de Macoris, Sultana del Este / _cEduardo Fausto Nina Pichardo. |
| 260 |
_aLa Romana, República Dominicana : _bImpresora de la Rosa, _c1970. |
||
| 300 |
_a58 p. : _bil. ; _c21 cm. |
||
| 500 | _aLa biblioteca posee el v.1 | ||
| 590 | _aInventariado, 2018/VM | ||
| 650 | 4 |
_aFestividades religiosas _zSan Pedro de Macorís (República Dominicana) _937379 |
|
| 650 | 4 |
_aCiudades y pueblos _zRepública Dominicana _9784 |
|
| 651 | 4 |
_aSan Pedro de Macorís (República Dominicana) _xHistoria local _97812 |
|
| 651 | 4 |
_aSan Pedro de Macorís (República Dominicana) _xVida social y costumbres _97813 |
|
| 910 | _aValidado. Control de calidad EMS. | ||
| 942 |
_2ddc _cLBS1 |
||
| 999 |
_c16427 _d16427 |
||